ბათუმის შოთა რუსთაველის სახელმწიფო უნივერსიტეტის ბიბლიოთეკა

ხელოვნებათმცოდნეობითი ეტიუდები = Studies in art criticism / (ბიბ.ჩანაწერი № 36425)

000 -ლიდერი
ფიქსირებული სიგრძის საკონტროლო ველი 01538nam a2200229Ia 4500
001 - საკონტროლო ნომერი
საკონტროლო ველი 2339
003 - საკონტროლო ნომრის იდენტიფიკატორი
საკონტროლო ველი GE_BSU
005 - ბოლო ოპერაციის თარიღი და დრო
საკონტროლო ველი 20190528153248.0
008 - ფიქსირებული სიგრძის მონაცემთა ელემენტები - ზოგადი ინფორმაცია
ფიქსირებული სიგრძის საკონტროლო ველი 181216s2011||||ge |||||||||||||| ||geo||
040 ## - კატალოგიზაციის წყარო
Transcribing agency GE_BSU
041 ## - ენის კოდი
Language code of text/sound track or separate title geo
080 ## - უნივერსალური ათობითი კლასიფიკაციის ინდექსი
Universal Decimal Classification number 7 ხ–40
245 ## - ცნობა სათაურის შესახებ
Remainder of title ტ. 4 : კონფერენციის მასალები.
Title ხელოვნებათმცოდნეობითი ეტიუდები = Studies in art criticism /
Statement of responsibility, etc რედ. მ. ჭიჭილეიშვილი ; ტომის რედ. ე. მესხია; საქ. განათლებისა და მეცნ. სამინ. ; შ. რუსთაველის სახელმწ. უნ-ტის ჰუმანიტ. მეცნიერებათა ფაკულტ., ხელოვნების ფაკულტეტი.
264 ## - წარმოების, გამოცემის, დისტრიბუციის და სხვა ცნობები
გამოცემის, წარმოების, დისტრიბუციის... ადგილი ბათუმი;
გამოცემის, წარმოების, დისტრიბუციის... სახელწოდება ხელოვნების უნ–ტი,
გამოცემის, წარმოების, დისტრიბუციის... თარიღი 2011
300 ## - ფიზიკური აღწერა
Extent 170 გვ.;
Other physical details 20 სმ.
653 ## - INDEX TERM--UNCONTROLLED
Uncontrolled term ხელოვნებათმცოდნეობა
700 ## - ADDED ENTRY--PERSONAL NAME
Personal name ჭიჭილეიშვილი, მაია
Relator term რედაქტორი
9 (RLIN) 1723
700 ## - ADDED ENTRY--PERSONAL NAME
Personal name მესხია, ერმილე
Relator term რედაქტორი
9 (RLIN) 1724
710 ## - ADDED ENTRY--CORPORATE NAME
Corporate name or jurisdiction name as entry element საქ. კულტურისა და ძეგლთა დაცვის სამინისტრო
9 (RLIN) 1460
710 ## - ADDED ENTRY--CORPORATE NAME
Corporate name or jurisdiction name as entry element ბათუმის ხელოვნების სასწავლო უნ-ტი
9 (RLIN) 1725
942 ## - ADDED ENTRY ELEMENTS (KOHA)
Koha item type წიგნი
Source of classification or shelving scheme
ეგზემპლარები
ჩამოწერის სტატუსი დაკარგული ეგზემპლარის სტატუსი კლასიფიკაციის წყარო ან თაროზე გაწყობის სქემა დაზიანების სტატუსი არ გაიცემა მუდმივი მდებარეობა (დაცვის ადგილი) ამჟამინდელი ადგილსამყოფელი თაროზე განთავსების ადგილი შეძენის თარიღი ღირებულება, შესყიდვის ნორმალური ფასი სრული შენახვის შიფრი შტრიხკოდი ბოლო ოპერაციის თარიღი ეგზემპლარის მიმდევრობითი ნომერი (კეტერი?) ფასის ძალაში შესვლის თარიღი ეგზემპლარის სახეობა საჯარო შენიშვნა
          ბათუმის შოთა რუსთაველის სახელმწიფო უნივერსიტეტის მთავარი ბიბლიოთეკა ბათუმის შოთა რუსთაველის სახელმწიფო უნივერსიტეტის მთავარი ბიბლიოთეკა წიგნის კალათა 2018-12-17 8.00 7 ხ–40 4431 2018-12-17 4431 2018-12-17 წიგნი 8 ლ.
          ბათუმის შოთა რუსთაველის სახელმწიფო უნივერსიტეტის მთავარი ბიბლიოთეკა ბათუმის შოთა რუსთაველის სახელმწიფო უნივერსიტეტის მთავარი ბიბლიოთეკა წიგნსაცავი 2018-12-17 8.00 7 ხ–40 4432 2018-12-17   2018-12-17 წიგნი 8 ლ.